Statistics for 20 Largest Countries with continental land borders

Click here to take the quiz!

General Stats

  • This quiz has been taken 138 times
  • The average score is 18 of 20

Answer Stats

Area (km2)Answer% Correct
8.515.767Brazil
98%
9.984.670Canada
98%
17.098.246Russia
98%
9.826.675United States of America
98%
9.596.961China
96%
3.287.263India
96%
2.780.400Argentina
95%
2.381.741Algeria
94%
1.964.375Mexico
94%
2.344.858Democratic Republic of the Congo
92%
1.564.110Mongolia
90%
1.648.195Iran
88%
2.724.900Kazakhstan
88%
1.886.068Sudan
85%
1.284.000Chad
83%
2.149.690Saudi Arabia
82%
1.285.216Peru
80%
1.267.000Niger
79%
1.759.540Libya
77%
1.246.700Angola
55%

Score Distribution

Percentile by Number Answered

Percent of People with Each Score

Your Score History

You have not taken this quiz